| Tag |
First Indicator |
Second Indicator |
Subfields |
| LEADER |
00000cam a2200000 a 4500 |
| 001 |
in00001327708 |
| 005 |
20151005083923.0 |
| 008 |
951202s1995 txuab s000 0 eng d |
| 035 |
|
|
|a (OCoLC)33838085
|
| 035 |
|
|
|9 AHD7992AM
|
| 040 |
|
|
|a ILU
|c ILU
|d TXA
|d UtOrBLW
|
| 043 |
|
|
|a n-us-tx
|
| 049 |
|
|
|a TXAO
|
| 086 |
|
|
|a H2000.8 AU76BR 1995
|2 txdocs
|
| 090 |
|
|
|a F392.A9
|b N53 1995
|
| 100 |
1 |
|
|a Nichols, Peter,
|d 1931-
|
| 245 |
1 |
0 |
|a Final report :
|b cultural resource survey, relocation line no. 11, Brazos River Crossing (M.P. 52.25 to M.P. 53.81), Austin and Waller Counties, Texas /
|c prepared for Texas Eastern Transmission Corporation ; prepared by Horizon Environmental Services ; principal investigator, Peter Nichols ; authors, B.F. Rader and L. Leach-Palm.
|
| 246 |
3 |
0 |
|a Cultural resource survey, relocation line no. 11, Brazos River Crossing
|
| 264 |
|
1 |
|a Austin, Tex. :
|b Horizon Environmental Services,
|c [1995]
|
| 300 |
|
|
|a 1 volume (various pagings) :
|b illustrations (some color), maps ;
|c 28 cm.
|
| 336 |
|
|
|a text
|b txt
|2 rdacontent
|
| 337 |
|
|
|a unmediated
|b n
|2 rdamedia
|
| 338 |
|
|
|a volume
|b nc
|2 rdacarrier
|
| 500 |
|
|
|a "June 1995."
|
| 500 |
|
|
|a "HJN 940330CR."
|
| 504 |
|
|
|a Includes bibliographical references.
|
| 651 |
|
0 |
|a Austin County (Tex.)
|x Antiquities.
|
| 651 |
|
0 |
|a Waller County (Tex.)
|x Antiquities.
|
| 650 |
|
0 |
|a Archaeological surveying
|z Texas
|z Austin County.
|
| 650 |
|
0 |
|a Archaeological surveying
|z Texas
|z Waller County.
|
| 700 |
1 |
|
|a Leach-Palm, L.
|
| 700 |
1 |
|
|a Rader, Bert F.
|
| 710 |
2 |
|
|a Horizon Environmental Services.
|
| 999 |
|
|
|a MARS
|
| 999 |
f |
f |
|s 7c60a31d-81c3-37c2-9b18-aa0de0cd15c5
|i ea7d1fca-99ec-3a3c-99df-68929f5b953f
|t 0
|
| 952 |
f |
f |
|p normal
|a Texas A&M University
|b College Station
|c Sterling C. Evans Library
|d Evans: Texas Documents (Annex 5th floor)
|t 0
|e H2000.8 AU76BR 1995
|h Superintendent of Documents classification
|i unmediated -- volume
|m A14823170504
|
| 998 |
f |
f |
|a H2000.8 AU76BR 1995
|t 0
|l Evans: Texas Documents (Annex 5th floor)
|